| 000 | 00500nam a2200205Ia 4500 | ||
|---|---|---|---|
| 003 | OSt | ||
| 005 | 20140507091951.0 | ||
| 008 | 140130s9999 xx 000 0 und d | ||
| 020 | _a0516248162 | ||
| 050 |
_aPZ 7 _b.Sh558672Ro 2004 |
||
| 100 | _aShore, Diane Z. | ||
| 245 |
_cDiane Z. Shore _aRosa Loves To Read / |
||
| 260 |
_bScholastic, _c2004. _aNew York : |
||
| 300 |
_a31 p. : _bcol. ill. ; _c18 cm. |
||
| 440 | _v1 | ||
| 521 | _aG1 | ||
| 526 | _c120 | ||
| 942 |
_cBK _2lcc |
||
| 999 |
_c39845 _d39845 |
||